Cité de la grèce antique Num. 4 - Statistiques

Statistiques générales
  • Ce quiz a été pris 9 fois
  • Le résultat moyen est 3 sur 15
Statistiques - réponses
Hint Réponse % Correct
Un lion célèbre habitait les régions autours de cette cité, l'un des quatre grands jeux panhelleniques y était organiser, près de Phlionte, Argos et Corinthe. Némée
75%
Colonie mégarienne en Thrace, en face de Chalcédoine, futur Constantinople. Byzance
50%
Capitale des hilotes fédérés construite sous le général Épaminondas Méssène
38%
Grande cité des Chalcidiques, rivale de Potidée, qui est passée près de créer un fédération en Chalcidiques et de soumettre la Macédoine. Olynthe
38%
Capitale fédérale de la Ligue Arcadienne. Mégalopolis
25%
Cité du meme nom que la précédente, dans le Péloponnèse dans la meme plaine que Mantinée. (idem à l'autre question « réponse » + de « réponse » ) Orchomène d'Arcadie
25%
Grande cité de Béotie, commence par « O », sur les rives du Copais ( veuillez répondre ainsi: « réponse » + de Béotie ) Orchomène de Béotie
25%
Cité la plus importante de l'Élide, « patrone » d'Olympie. Élis
13%
Cité de Thrace portant le nom d'un roi macédonien célèbre. Philippi
13%
Ville voisine de Némée, Xénophon nous témoigne de sa grande population recrutable, son sigle est la lettre grecque « Phi » Phlionte
13%
Cité mentionnée à plusieurs reprises dans les Helléniques de Xénophon, fidèle alliée de Sparte, voisine de Corinthe et Pellènè, commence par un « S ». Sicyone
13%
Cité grecque à l'entrée du golfe de Corinthe, en face de Antirrhion. Rhion
0%
Petite cité de Triphylie, Xénophon y résida un quart de siècle, commence par un « S » Scillonte
0%
Cap célèbre pour son temple de Poséidon en Attique. Sounion
0%
Première cité grecque que les Dix Milles rencontre dans leur retour vers la Grèce. Trébizonte
0%
Aucun quiz correspondant
Distribution des résultats
% des personnes avec chaque résultat
Percentile par nombre de réponses
Votre historique - résultats
Vous n’avez pas pris ce quiz